[Event "London Mill Hill op U2400"]
[Site "London"]
[Date "2022.03.26"]
[Round "3"]
[White "Sheikh, Nasarullah"]
[Black "Pranava, Ravikumar"]
[Result "0-1"]
[WhiteElo "1754"]
[BlackElo "1601"]
[PlyCount "122"]
[EventDate "2022.03.26"]
[EventType "swiss"]
[EventRounds "5"]
[EventCountry "ENG"]
[SourceTitle "EXT 2024"]
[Source "ChessBase"]
[SourceDate "2023.10.10"]
[SourceVersion "1"]
[SourceVersionDate "2023.10.10"]
[SourceQuality "1"]

1. e4 c5 2. Nf3 Nc6 3. d4 cxd4 4. Nxd4 Nf6 5. Nc3 d6 6. Be2 e5 7. Nf3 h6 8. 0-0 Be6 9. h3 Be7 10. Be3 d5 11. exd5 Nxd5 12. Nxd5 Bxd5 13. Bb5 Qd6 14. c4 Be4 15. Qxd6 Bxd6 16. Nd2 Bd3 17. Rfd1 Ke7 18. Bxc6 bxc6 19. b3 a5 20. f3 f5 21. c5 Bc7 22. Rac1 Rhd8 23. Nc4 Bxc4 24. Rxd8 Rxd8 25. Rxc4 f4 26. Bc1 Rd4 27. Rc2 Ke6 28. Bb2 Rd5 29. Kf2 Kf5 30. a3 Rd3 31. b4 a4 32. Ke2 Rb3 33. Rd2 g6 34. Kf2 e4 35. fxe4+ Kxe4 36. Rd4+ Kf5 37. Bc1 Be5 38. Rd1 Ke4 39. Ke2 Bd4 40. Rf1 g5 41. Rd1 h5 42. Rf1 Rg3 43. b5 Rxg2+ 44. Kd1 cxb5 45. c6 Bb6 46. Bd2 Kd5 47. h4 gxh4 48. Rxf4 h3 49. Rf5+ Ke4 50. Rxh5 h2 51. Kc2 Bc7 52. Rh4+ Kd5 53. Rh5+ Kxc6 54. Rh4 Kd5 55. Rh5+ Ke4 56. Rh4+ Kf3 57. Kd3 Rg1 58. Rh7 h1Q 59. Rxc7 Qh5 60. Rc3 Qe5 61. Kc2+ Ke2 0-1

[Event "London Classic op U1825 11th"]
[Site "London"]
[Date "2019.12.01"]
[Round "4"]
[White "De Block, Gert"]
[Black "Sheikh, Nasarullah"]
[Result "1/2-1/2"]
[WhiteElo "1614"]
[BlackElo "1762"]
[PlyCount "88"]
[EventDate "2019.11.29"]
[EventType "swiss"]
[EventRounds "5"]
[EventCountry "ENG"]
[SourceTitle "CBM 195 Extra"]
[Source "ChessBase"]
[SourceDate "2020.05.31"]
[SourceVersion "1"]
[SourceVersionDate "2020.05.31"]
[SourceQuality "1"]

1. e4 Nf6 2. e5 Nd5 3. c4 Nb6 4. Nc3 Nc6 5. d4 d6 6. exd6 exd6 7. Nf3 Bg4 8. Be3 Be7 9. b3 Bf6 10. Ne4 0-0 11. Be2 Re8 12. Nxf6+ Qxf6 13. 0-0 h6 14. Rc1 d5 15. h3 Bh5 16. a3 a5 17. Qd2 Rad8 18. c5 Nc8 19. b4 axb4 20. axb4 b6 21. cxb6 Nxb6 22. b5 Nb8 23. Rxc7 Bxf3 24. Bxf3 Nc4 25. Qc1 Qb6 26. Rc5 Nxe3 27. fxe3 Qe6 28. Bh5 g6 29. Bf3 Rd6 30. Re1 Nd7 31. Rc8 Nf6 32. Rxe8+ Qxe8 33. Qc5 Qe6 34. Kf2 Kg7 35. Ra1 Nd7 36. Qc8 Nb6 37. Qc7 Nc4 38. Re1 Rd7 39. Qb8 h5 40. e4 dxe4 41. Rxe4 Qf6 42. Rf4 Qe6 43. Re4 Qf6 44. Rf4 Qe6 1/2-1/2

[Event "BCF-chT4S 1819 (4NCL)"]
[Site "England"]
[Date "2019.02.09"]
[Round "5.142"]
[White "Sheikh, Nasarullah"]
[Black "Smith, Steven J"]
[Result "1-0"]
[WhiteElo "1740"]
[BlackElo "1634"]
[PlyCount "117"]
[EventDate "2018.11.17"]
[EventType "team-swiss"]
[EventRounds "11"]
[EventCountry "ENG"]
[SourceTitle "EXT 2021"]
[Source "ChessBase"]
[SourceDate "2020.10.23"]
[SourceVersion "1"]
[SourceVersionDate "2020.10.23"]
[SourceQuality "1"]
[WhiteTeam "Rook & Roll"]
[BlackTeam "Wessex III"]
[WhiteTeamCountry "ENG"]
[BlackTeamCountry "ENG"]

1. e4 e6 2. d3 d5 3. Nd2 c5 4. Ngf3 Nc6 5. g3 Nf6 6. Bg2 Be7 7. 0-0 0-0 8. Re1 Bd7 9. e5 Ne8 10. Nf1 f6 11. h4 f5 12. c3 Rc8 13. N1h2 b5 14. a3 d4 15. Bg5 dxc3 16. bxc3 Nc7 17. d4 cxd4 18. Nxd4 Nxd4 19. Qxd4 Bxg5 20. hxg5 Qe8 21. Qxa7 Bc6 22. Nf3 Rf7 23. Qd4 Rd7 24. Qh4 Rd3 25. Nd4 Bxg2 26. Kxg2 Rxc3 27. Rh1 Qg6 28. Ne2 Nd5 29. Nxc3 Rxc3 30. Rhc1 Qe8 31. Rxc3 Nxc3 32. Qd4 Qc6+ 33. Kh2 Nd5 34. Rd1 f4 35. gxf4 Qe8 36. Rd3 Qh5+ 37. Rh3 Qg4 38. f3 Qxf4+ 39. Qxf4 Nxf4 40. Rh4 Nd5 41. Rd4 Kf7 42. Kg3 Kg6 43. f4 Kf5 44. Kf3 h6 45. gxh6 gxh6 46. Kg3 h5 47. Rd1 Nxf4 48. Rf1 h4+ 49. Kxh4 Kxe5 50. Rb1 Kd4 51. Rxb5 e5 52. Kg4 Nd5 53. Rb8 e4 54. a4 e3 55. Kf3 Kc5 56. a5 Nc3 57. Rc8+ Kb4 58. Rxc3 Kxc3 59. Kxe3 1-0

[Event "BCF-chT4S 1819 (4NCL)"]
[Site "England"]
[Date "2019.01.12"]
[Round "3.113"]
[White "Burrows, Nick"]
[Black "Sheikh, Nasarullah"]
[Result "1/2-1/2"]
[WhiteElo "1932"]
[BlackElo "1740"]
[PlyCount "137"]
[EventDate "2018.11.17"]
[EventType "team-swiss"]
[EventRounds "11"]
[EventCountry "ENG"]
[SourceTitle "EXT 2021"]
[Source "ChessBase"]
[SourceDate "2020.10.23"]
[SourceVersion "1"]
[SourceVersionDate "2020.10.23"]
[SourceQuality "1"]
[WhiteTeam "Oxford III"]
[BlackTeam "Rook & Roll"]
[WhiteTeamCountry "ENG"]
[BlackTeamCountry "ENG"]

1. b3 Nf6 2. Bb2 d6 3. d4 Nbd7 4. Nf3 b6 5. c4 Bb7 6. Nbd2 g6 7. e3 Bg7 8. Qc2 0-0 9. Be2 Re8 10. 0-0 Rc8 11. d5 e6 12. dxe6 Rxe6 13. Nd4 Re8 14. Bf3 Bxf3 15. N2xf3 c6 16. Rac1 Nc5 17. Ne2 Nce4 18. Nc3 Nxc3 19. Bxc3 Qe7 20. Qb2 Nh5 21. Rfd1 Bxc3 22. Rxc3 Ng7 23. Rcd3 Red8 24. Qd2 Ne8 25. b4 Rd7 26. h3 h5 27. b5 Qe4 28. Qb2 Qxc4 29. Ne5 Qe6 30. Nxd7 Qxd7 31. bxc6 Qxc6 32. Qd4 Qc2 33. R3d2 Qf5 34. Qd5 Qd7 35. e4 Rc5 36. Qd4 Qe6 37. f3 g5 38. Qe3 f6 39. Rd5 Rc6 40. h4 Nc7 41. Rf5 Qxa2 42. Rxf6 Ne6 43. Rxe6 Qxe6 44. Qxg5+ Kf8 45. Qxh5 Qf6 46. Qd5 Qc3 47. Qf5+ Ke7 48. Qh7+ Ke6 49. Qxa7 Qe3+ 50. Kh1 Rc2 51. Qg7 Qf4 52. Qg6+ Ke7 53. Qg7+ Ke6 54. Qg4+ Qxg4 55. fxg4 Re2 56. Rd4 Ke5 57. Rd5+ Kxe4 58. Rxd6 Kf4 59. Rxb6 Kxg4 60. Kh2 Kxh4 61. Rb4+ Kg5 62. Kh3 Rc2 63. Rb5+ Kg6 64. g4 Rc1 65. Kg3 Rg1+ 66. Kf3 Rf1+ 67. Kg2 Rf4 68. Kg3 Rf1 69. Rb6+ 1/2-1/2

[Event "BCF-ch Soanes op"]
[Site "Coventry"]
[Date "2015.08.02"]
[Round "4"]
[White "Sheikh, Nasarullah"]
[Black "Pride, Stephen C"]
[Result "0-1"]
[WhiteElo "138"]
[BlackElo "1655"]
[PlyCount "82"]
[EventDate "2015.07.31"]
[EventType "swiss"]
[EventRounds "5"]
[EventCountry "ENG"]
[SourceTitle "CBM 167 Extra"]
[Source "ChessBase"]
[SourceDate "2015.09.14"]
[SourceVersion "1"]
[SourceVersionDate "2015.09.14"]
[SourceQuality "1"]

1. e4 d6 2. d4 Nf6 3. Nc3 e5 4. Nf3 exd4 5. Nxd4 Be7 6. g3 Nc6 7. Bg2 Nxd4 8. Qxd4 0-0 9. 0-0 c6 10. b3 Be6 11. Bb2 Qb6 12. Qd2 Rad8 13. Rad1 d5 14. Na4 Qc7 15. e5 Nd7 16. f4 Nc5 17. f5 Nxa4 18. bxa4 Bc8 19. f6 Bc5+ 20. Kh1 Rfe8 21. Qg5 Bf8 22. Rd2 g6 23. Rdf2 d4 24. Re1 Qa5 25. Re4 Qxa4 26. Rh4 Qxa2 27. Bc1 Qa5 28. Bf4 d3 29. cxd3 Rxd3 30. h3 Be6 31. Rxh7 Kxh7 32. Qh4+ Kg8 33. Bh6 Qa3 34. Qf4 Bd5 35. h4 Bxg2+ 36. Kxg2 Rxg3+ 37. Qxg3 Qxg3+ 38. Kxg3 Bxh6 39. Re2 Bc1 40. Kf3 Ba3 41. Ke4 Bd6 0-1

[Event "BCF-ch Soanes op"]
[Site "Coventry"]
[Date "2015.07.31"]
[Round "1"]
[White "Sheikh, Nasarullah"]
[Black "Grainger, Charlie"]
[Result "0-1"]
[WhiteElo "138"]
[BlackElo "111"]
[PlyCount "76"]
[EventDate "2015.07.31"]
[EventType "swiss"]
[EventRounds "5"]
[EventCountry "ENG"]
[SourceTitle "CBM 167 Extra"]
[Source "ChessBase"]
[SourceDate "2015.09.14"]
[SourceVersion "1"]
[SourceVersionDate "2015.09.14"]
[SourceQuality "1"]

1. e4 e5 2. Nf3 f5 3. Nxe5 Nc6 4. Nxc6 dxc6 5. e5 Bc5 6. Qf3 Qe7 7. Qg3 Nf6 8. f3 Nh5 9. Qh3 Qxe5+ 10. Kd1 Bf2 11. Qxh5+ g6 12. Bd3 gxh5 13. Rf1 Bh4 14. g3 Bxg3 15. hxg3 Qxg3 16. Re1+ Kd8 17. c4 h4 18. b3 Bd7 19. Bb2 Re8 20. Bf6+ Kc8 21. Rxe8+ Bxe8 22. Bxf5+ Bd7 23. Be4 h3 24. Kc2 h2 25. Na3 Qg2 26. Kd3 h1Q 27. Rxh1 Qxh1 28. Nc2 Qh6 29. Bd4 b6 30. Be3 Qd6+ 31. Kc3 Kb7 32. Nd4 Re8 33. b4 Kb8 34. a3 h5 35. Kb3 h4 36. Ne2 Bf5 37. Bxf5 Rxe3+ 38. dxe3 Qd1+ 0-1